Sociología de la educación /

Guardado en:
Autor Principal: Tenti Fanfani, Emilio
Formato: Libro
Publicado: Bernal : Universidad Nacional de Quilmes, 1999
Materias:
Etiquetas: Agregar Etiqueta
Sin Etiquetas, Sea el primero en etiquetar este registro!
LEADER 00576nam a22001935a 4500
001 CEM.cems013875
008 130507s1999##################000#0#####d
005 20210705090201.0
003 CEMS
245 1 0 |a Sociología de la educación /  |c Emilio Tenti Fanfani 
260 |a Bernal :  |b Universidad Nacional de Quilmes,  |c 1999 
300 |a 142 p. 
590 |a 1044.013 
020 |a 9875580813 
100 1 |a Tenti Fanfani, Emilio 
653 |a Sociología de la educación 
653 |a Educación y estado 
653 |a Biblioteca TC 
859 |a CEMS  |b BIB. CEMS - 11 de abril  |h TC  |p 1044.013  |t Ej.1